[Event "Hamburg Weisse Dame op 11th"]
[Site "Hamburg"]
[Date "2005.09.17"]
[Round "2.9"]
[White "Salimi, Milaw"]
[Black "Bruemmer, Helga"]
[Result "0-1"]
[WhiteElo "880"]
[BlackElo "825"]
[PlyCount "104"]
[EventDate "2005.09.17"]
[EventType "swiss"]
[EventRounds "5"]
[EventCountry "GER"]
[SourceTitle "EXT 2006"]
[Source "ChessBase"]
[SourceDate "2005.11.24"]
[SourceVersion "1"]
[SourceVersionDate "2005.11.24"]
[SourceQuality "1"]

1. e4 e5 2. Nf3 Nc6 3. Bc4 Nf6 4. d3 Bc5 5. Nc3 0-0 6. Be3 Bb4 7. a3 Bxc3+ 8. bxc3 h6 9. Qd2 Ng4 10. 0-0-0 Nxe3 11. Qxe3 d6 12. d4 Na5 13. Bd5 c6 14. Bb3 Qc7 15. Rdg1 Bg4 16. h3 Bxf3 17. Qxf3 Nxb3+ 18. cxb3 a5 19. g4 Qb6 20. h4 Qxb3 21. Qg3 Qxa3+ 22. Kc2 f6 23. g5 Qa2+ 24. Kd3 fxg5 25. hxg5 Qf7 26. Rh2 Qg6 27. gxh6 Rf3+ 28. Qxf3 Qxg1 29. Rg2 Qb1+ 30. Ke3 Qe1+ 31. Kd3 Rf8 32. Qg3 Rf7 33. hxg7 Qh1 34. Rh2 Rf3+ 35. Ke2 Rxg3 36. Rxh1 Rxg7 37. dxe5 dxe5 38. Rh5 b5 39. Rxe5 a4 40. Re8+ Kh7 41. Rc8 a3 42. Rxc6 Ra7 43. Rb6 a2 44. Rxb5 a1Q 45. e5 Qa2+ 46. Ke3 Qa4 47. Rb6 Qa5 48. Re6 Qxc3+ 49. Ke4 Qc4+ 50. Kf5 Rf7+ 51. Rf6 Qd3+ 52. Ke6 Qd7# 0-1